| 000 | 00555nam a2200181Ia 4500 | ||
|---|---|---|---|
| 003 | GCL | ||
| 008 | 140319s9999 xx 000 0 ara d | ||
| 040 |
_aGCL / _cGCL |
||
| 082 | 0 | 4 |
_a523.3 _bب غ |
| 100 | 1 | _aبراون، ونثرفون | |
| 245 | 1 | 0 |
_aغزو القمر / _cبراون، ونثرفون |
| 260 |
_aبيروت : _bدار الشرق الجديد ، _c1953 |
||
| 300 |
_a100 ص ؛ _c18 سم |
||
| 650 | 0 | 4 | _aمحطات الفضاء |
| 650 | 0 | 4 | _aسفن الفضاء |
| 650 | 0 | 4 | _aرحلات الفضاء الى القمر |
| 942 |
_2ddc _cBK |
||
| 999 |
_c3061 _d3061 |
||